000 00675nam a2200253#a 4500
001 01717
003 HDC
007 ta
008 230623s2010 xx 000 0 eng d
020 _a9789834481339 (pbk).
040 _aHDC
050 _aBP173.75
_b .A234 2010
100 _aAb. Aziz Yusof
245 0 _aPengenalan kepada keusahawanan Islam /
_cAb Aziz Yusof.
264 _aKuala Lumpur :
_bScholarMind Pub.,
_c2010
300 _axiv,246p. :
_b ill. ;
_c 24cm.
500 _aBibliography : p. 243-245
650 _aBusiness
_xReligious aspects
_xIslam
650 _aEntrepreneurship
942 _2lcc
942 _cBK
942 _kBP173.75
942 _m .A234 2010
999 _c23282
_d23282